| 000 | 01099nam a22003257a 4500 | ||
|---|---|---|---|
| 003 | CHAP | ||
| 005 | 20220817042649.0 | ||
| 008 | 971013s1974 r 00010 d | ||
| 010 | _a51472 | ||
| 011 | _a52444 | ||
| 035 | _a56594 | ||
| 040 | _cCHAP | ||
| 082 |
_a080 _bS4 v.127 |
||
| 100 | 0 | 0 |
_aSánchez, Héctor. _9107948 |
| 245 | _aMéxico nueve veces contado por narradores extranjeros | ||
| 260 |
_aMéxico, D.F. : _bSecretaría de Educación Pública, _c1974 |
||
| 300 |
_a215 p. _b: ilus. |
||
| 490 |
_aSEP/Setentas _v; 127 |
||
| 590 |
_aBATCH-UPD _b10 _c20130110 _lUCH01 _h1733 |
||
| 590 |
_aBATCH-UPD _b10 _c20130410 _lUCH01 _h1114 |
||
| 590 |
_aBATCH-UPD _b10 _c20130914 _lUCH01 _h1826 |
||
| 590 |
_aCONVERSION _b10 _c20130109 _lUCH01 _h1328 |
||
| 650 | 1 | 4 |
_aMéxico _xDescripción y viaje. _976737 |
| 650 | 1 | 4 |
_aMéxico _xVida social y costumbres. _976800 |
| 830 | 0 |
_aSEP. Setentas _v; 127 |
|
| 901 | _aBK | ||
| 942 | _cLIBRO | ||
| 949 |
_a080 S4 v.127 _bBC _cLIBRO _d33724000309621 _eLIBRO _fc.2 _h44409 _i56594 _si |
||
| 949 |
_a080 S4 v.127 _bBC _cLIBRO _d33724000309654 _eLIBRO _h44408 _i56594 _mD _si |
||
| 999 |
_c51472 _d51472 |
||